000 00491nam a2200181Ia 4500
005 20250508163344.0
008 008 250505s9999 xx 000 0 eng d
037 _aTextual
040 _aFEDL
_beng
_cFEDL
041 _aeng
_2eng
084 _a230, SEL
_qFEDL
100 _aSellers James E.
_9775190
245 0 _aOutsider and the word of god
260 _aNew York, USA
_bAbingdon Press
_c1961
300 _a240p.
942 _cTEXL
_h230, SEL
999 _c1382514
_d1382514